Responses for Show #8093 - Wednesday, November 13, 2019

2019 Tournament of Champions semifinal game 3.

Contestants

[<< previous game]

Lindsey Shultz, a physician and healthcare analyst from Pittsburgh, Pennsylvania

Gilbert Collins, a university administrator from Princeton, New Jersey

Francois Barcomb, an 11th grade physics teacher from New Paltz, New York

[next game >>]

Jeopardy! Round responses

EXECUTIVE PRIVILEGE
MED. ABBREV.
U.N. INTERNATIONAL YEARS
OFFICIAL STATE STUFF
BESTSELLING BOOKS
THE "O_ED"
(Alex: Each correct response with begin with an "O" and end with "E-D".)
    $200 29
parachute

Gilbert
    $200 24
kidney

Lindsey
    $200 30
the Periodic Table

Gilbert
    $200 18
the pistachio

Francois
    $200 19
(Lindsey: Who is... Selena Gomez?)

Demi Lovato

Lindsey
Triple Stumper
    $200 1
opposed

Francois
    $400 28
West Point

Francois
    $400 23
ovaries

Gilbert
    $400 27
the telescope

Francois
    $400 15
a Great Dane

Lindsey
    $400 17
The Pretenders

Francois
    $400 2
objectified

Gilbert
    $600 21
headhunters

Lindsey
    $600 22
tendon

Lindsey
    $2,000 13
Quinoa

Lindsey
    $600 4
(Gilbert: What is Washington?)

Vermont

GilbertLindsey
    $600 16
Harry Potter and the Deathly Hallows

Gilbert
    $600 11
occurred

Lindsey
    $800 20
(Gilbert: What's CEO?)

emperor of Japan

Gilbert
Triple Stumper
    $800 12
a complete blood count

Lindsey
    $800 26
Ecotourism

Lindsey
    $800 8
a loon

Francois
    $800 14
The Girl on the Train

Francois
    $800 5
organized

Gilbert
    $1000 6
Learjets

Francois
    $1000 3
subcutaneous

Francois
    $1000 25
South Africa

Gilbert
    $1000 7
Oklahoma

Gilbert
    $1000 9
Rachel Hollis

Triple Stumper
    $1000 10
orchestrated

Gilbert

Scores at the first commercial break (after clue 15):

Francois Gilbert Lindsey
$3,800 $2,600 $4,400

Scores at the end of the Jeopardy! Round:

Francois Gilbert Lindsey
$5,200 $4,200 $6,400

Double Jeopardy! Round responses

THE MOVIES
TROPIC OF CAPRICORN
HER FIRST PUBLISHED NOVEL
FAMOUS AMERICANS
SOCIOLOGY
WORD-POURRI
    $400 26
Toy Story

Gilbert
    $400 24
Easter Island

Lindsey
    $400 30
(Jane) Austen

Gilbert
    $400 27
Dewey

Lindsey
    $400 22
a status symbol

Francois
    $400 29
(Francois: What is a saw?)

an ax

FrancoisLindsey
    $800 14
It's a Wonderful Life

Francois
    $800 23
a sundial

Gilbert
    $800 25
Agatha Christie

Francois
    $800 15
(John Landis) Mason

Francois
    $800 21
(Lindsey: What is... [**]?)
(Gilbert: What is [*]?)
(Alex: That's it; we were looking for a single term, so that means you get to pick the next clue, but hold on just a second. I've just been informed by our judges that Lindsey, your response has been deemed acceptable.)
[Gilbert was given control of the board.]

industrialization (an industrial revolution accepted)

GilbertLindsey
    $800 28
corn

Gilbert
    $1200 8
Inglourious Basterds

Francois
    $1200 1
crossing the International Date Line

Gilbert
    $1200 6
(Stephenie) Meyer

Lindsey
    $3,000 4
(Lindsey: What is [counting on her fingers] "Keep calm and carry on"?)

Good night, and good luck

Lindsey
    $1200 9
Sport

Lindsey
    $1200 13
a toady

Lindsey
    $1600 3
(Alex: And that movie opens this Friday.)

(Elizabeth) Banks

Lindsey
    $1600 2
the Northern Territory

Lindsey
    $1600 5
(Carson) McCullers

Lindsey
    $1600 10
Will Shortz

Francois
    $1600 12
our ability to speak

Lindsey
    $1600 20
Coulee

Francois
    $2000 17
Gary Hart

Gilbert
    $8,000 16
Uruguay

Francois
    $2000 7
Barbara Kingsolver

Triple Stumper
    $2000 11
(Alison) Bechdel

Lindsey
    $2000 18
Darwinism

Gilbert
    $2000 19
Pinkerton

Francois

Scores at the end of the Double Jeopardy! Round:

Francois Gilbert Lindsey
$22,000 $12,600 $17,400

[wagering suggestions for these scores]

Final Jeopardy! Round responses

ITALIAN INVENTORS
(Alex: And it takes us to Francois Barcomb, an eleventh grade physics teacher.)
[Francois nods; the audience laughs.]
(Alex: Did you get the correct response? [*] is right. Your wager--not that it matters--$12,801--bumping you way up--$34,801. Congratulations, Francois.)
(Francois: Thank you, Alex.)
(Alex: Way to go.)
(Francois: I appreciate it.)
(Alex: And of course, the two people who are waiting in the wings to face you starting tomorrow...)
(Emma: Emma Boettcher, Chicago, Illinois.)
(James: James Holzhauer, Las Vegas, Nevada.)
(Alex: Gonna be a great finals, ladies and gentlemen. Be sure to tune us in, won't you? So long, everybody. Take care.)
GilbertWho is Bernoulli?
$0
LindseyWho is avogadro?
$4,601
FrancoisWho is Torricelli?
$12,801
Torricelli

Final scores:

Francois Gilbert Lindsey
$34,801 $12,600 $12,799
Finalist 3rd place: $10,000 2nd place: $10,000

Game dynamics:

Coryat scores:

Francois Gilbert Lindsey
$16,000 $12,600 $19,000
18 R
(including 1 DD),
1 W
17 R,
2 W
21 R
(including 1 DD),
2 W
(including 1 DD)

Combined Coryat: $47,600

[game clues] [game scores] [suggest correction]

Game tape date: 2019-09-18
The J! Archive is created by fans, for fans. Scraping, republication, monetization, and malicious use prohibited; this site may use cookies and collect identifying information. See terms. The Jeopardy! game show and all elements thereof, including but not limited to copyright and trademark thereto, are the property of Jeopardy Productions, Inc. and are protected under law. This website is not affiliated with, sponsored by, or operated by Jeopardy Productions, Inc. Join the discussion at JBoard.tv.